[Event "55th Ilmar raud Memorial"]
[Site "Viljandi, Estonia"]
[Date "2021.07.07"]
[Round "5.1"]
[White "Pultinevicius, Paulius"]
[Black "Laurusas, Tomas"]
[Result "1/2-1/2"]
[WhiteElo "2492"]
[BlackElo "2518"]

1. c4 {[%clk 01:30:55]} {[%emt 00:00:04]} c6 {[%clk 01:30:49]} {[%emt
00:00:11]} 2. d4 {[%clk 01:31:20]} {[%emt 00:00:05]} Nf6 {[%clk 01:31:04]}
{[%emt 00:00:16]} 3. Nf3 {[%clk 01:31:44]} {[%emt 00:00:05]} d5 {[%clk
01:31:29]} {[%emt 00:00:05]} 4. e3 {[%clk 01:32:11]} {[%emt 00:00:03]} g6
{[%clk 01:28:10]} {[%emt 00:03:49]} 5. Nc3 {[%clk 01:29:00]} {[%emt 00:03:41]}
Bg7 {[%clk 01:25:02]} {[%emt 00:03:38]} 6. Be2 {[%clk 01:29:23]} {[%emt
00:00:07]} O-O {[%clk 01:25:14]} {[%emt 00:00:18]} 7. O-O {[%clk 01:29:21]}
{[%emt 00:00:32]} a6 {[%clk 01:22:04]} {[%emt 00:03:41]} 8. a4 {[%clk
01:27:47]} {[%emt 00:02:04]} a5 {[%clk 01:04:36]} {[%emt 00:17:58]} 9. cxd5
{[%clk 01:27:14]} {[%emt 00:01:03]} cxd5 {[%clk 01:05:04]} {[%emt 00:00:02]} 10.
Qb3 {[%clk 01:27:12]} {[%emt 00:00:32]} Nc6 {[%clk 01:05:11]} {[%emt 00:00:23]}
11. Bd2 {[%clk 01:22:08]} {[%emt 00:05:34]} Ne4 {[%clk 00:50:49]} {[%emt
00:14:52]} 12. Be1 {[%clk 01:21:46]} {[%emt 00:00:52]} Be6 {[%clk 00:45:09]}
{[%emt 00:06:10]} 13. Qxb7 {[%clk 01:13:25]} {[%emt 00:08:52]} Rb8 {[%clk
00:38:02]} {[%emt 00:07:37]} 14. Qxc6 {[%clk 01:07:14]} {[%emt 00:06:41]} Rb6
{[%clk 00:38:27]} {[%emt 00:00:05]} 15. Qb5 {[%clk 01:07:24]} {[%emt 00:00:20]}
Rxb5 {[%clk 00:38:51]} {[%emt 00:00:06]} 16. axb5 {[%clk 01:07:47]} {[%emt
00:00:07]} Nd6 {[%clk 00:39:14]} {[%emt 00:00:06]} 17. Nd2 {[%clk 01:03:59]}
{[%emt 00:04:18]} Bd7 {[%clk 00:37:23]} {[%emt 00:02:22]} 18. Nb3 {[%clk
01:03:14]} {[%emt 00:01:14]} e5 {[%clk 00:37:25]} {[%emt 00:00:28]} 19. dxe5
{[%clk 00:58:38]} {[%emt 00:05:07]} Bxe5 {[%clk 00:36:50]} {[%emt 00:01:05]} 20.
Rd1 {[%clk 00:58:36]} {[%emt 00:00:31]} Bxc3 {[%clk 00:26:39]} {[%emt
00:10:41]} 21. Bxc3 {[%clk 00:58:55]} {[%emt 00:00:12]} Bxb5 {[%clk 00:27:04]}
{[%emt 00:00:05]} 22. Bxb5 {[%clk 00:58:55]} {[%emt 00:00:30]} Nxb5 {[%clk
00:27:28]} {[%emt 00:00:06]} 23. Bxa5 {[%clk 00:59:10]} {[%emt 00:00:15]} Qa8
{[%clk 00:27:50]} {[%emt 00:00:08]} 24. Bb4 {[%clk 00:56:21]} {[%emt 00:03:19]}
Rc8 {[%clk 00:27:30]} {[%emt 00:00:51]} 25. Nd4 {[%clk 00:55:53]} {[%emt
00:00:58]} Rc4 {[%clk 00:25:10]} {[%emt 00:02:50]} 26. Nxb5 {[%clk 00:51:06]}
{[%emt 00:05:16]} 1/2-1/2

[Event "55th Ilmar raud Memorial"]
[Site "Viljandi, Estonia"]
[Date "2021.07.07"]
[Round "5.2"]
[White "Golubovskis, Maksims"]
[Black "Miezis, Normunds"]
[Result "0-1"]
[WhiteElo "2302"]
[BlackElo "2472"]

1. e4 {[%clk 01:25:28]} {[%emt 00:05:31]} c5 {[%clk 01:30:01]} {[%emt
00:00:59]} 2. Nf3 {[%clk 01:25:24]} {[%emt 00:00:34]} e6 {[%clk 01:30:19]}
{[%emt 00:00:13]} 3. d4 {[%clk 01:25:02]} {[%emt 00:00:52]} cxd4 {[%clk
01:30:39]} {[%emt 00:00:10]} 4. Nxd4 {[%clk 01:25:29]} {[%emt 00:00:03]} a6
{[%clk 01:30:54]} {[%emt 00:00:15]} 5. Bd3 {[%clk 01:24:51]} {[%emt 00:01:08]}
Nc6 {[%clk 01:28:56]} {[%emt 00:02:28]} 6. Nxc6 {[%clk 01:24:16]} {[%emt
00:01:05]} dxc6 {[%clk 01:29:14]} {[%emt 00:00:11]} 7. O-O {[%clk 01:24:15]}
{[%emt 00:00:30]} e5 {[%clk 01:29:04]} {[%emt 00:00:41]} 8. Nd2 {[%clk
01:23:34]} {[%emt 00:01:10]} Qc7 {[%clk 01:28:07]} {[%emt 00:01:27]} 9. a4
{[%clk 01:20:34]} {[%emt 00:03:31]} Nf6 {[%clk 01:25:17]} {[%emt 00:03:20]} 10.
Nc4 {[%clk 01:19:50]} {[%emt 00:01:14]} Be6 {[%clk 01:21:03]} {[%emt 00:04:44]}
11. Qe2 {[%clk 01:16:06]} {[%emt 00:04:14]} Bc5 {[%clk 01:19:38]} {[%emt
00:01:55]} 12. Bd2 {[%clk 01:08:07]} {[%emt 00:08:29]} O-O {[%clk 01:11:32]}
{[%emt 00:08:36]} 13. Ba5 {[%clk 01:02:52]} {[%emt 00:05:43]} b6 {[%clk
01:05:52]} {[%emt 00:06:11]} 14. Bc3 {[%clk 01:03:20]} {[%emt 00:00:02]} Nd7
{[%clk 01:03:06]} {[%emt 00:03:16]} 15. Kh1 {[%clk 00:57:33]} {[%emt 00:06:17]}
b5 {[%clk 00:57:09]} {[%emt 00:06:27]} 16. axb5 {[%clk 00:54:32]} {[%emt
00:03:31]} axb5 {[%clk 00:55:41]} {[%emt 00:01:58]} 17. Ne3 {[%clk 00:54:54]}
{[%emt 00:00:07]} Rfe8 {[%clk 00:53:50]} {[%emt 00:02:21]} 18. Qf3 {[%clk
00:52:04]} {[%emt 00:03:20]} Qb6 {[%clk 00:46:09]} {[%emt 00:08:11]} 19. Nf5
{[%clk 00:47:51]} {[%emt 00:04:44]} Bf8 {[%clk 00:39:44]} {[%emt 00:06:55]} 20.
Qg3 {[%clk 00:40:58]} {[%emt 00:07:23]} Rxa1 {[%clk 00:34:12]} {[%emt
00:06:02]} 21. Rxa1 {[%clk 00:41:26]} {[%emt 00:00:02]} c5 {[%clk 00:34:06]}
{[%emt 00:00:36]} 22. Rd1 {[%clk 00:31:00]} {[%emt 00:10:56]} Qc6 {[%clk
00:30:28]} {[%emt 00:04:08]} 23. f3 {[%clk 00:28:55]} {[%emt 00:02:36]} g6
{[%clk 00:24:11]} {[%emt 00:06:47]} 24. Be2 {[%clk 00:27:37]} {[%emt 00:01:49]}
c4 {[%clk 00:22:54]} {[%emt 00:01:46]} 25. Ne3 {[%clk 00:25:31]} {[%emt
00:02:35]} Bg7 {[%clk 00:03:47]} {[%emt 00:19:38]} 26. Qe1 {[%clk 00:20:18]}
{[%emt 00:05:44]} Nb6 {[%clk 00:03:42]} {[%emt 00:00:35]} 27. Bb4 {[%clk
00:20:15]} {[%emt 00:00:34]} Na4 {[%clk 00:03:45]} {[%emt 00:00:26]} 28. Ba3
{[%clk 00:19:55]} {[%emt 00:00:51]} Qb7 {[%clk 00:02:06]} {[%emt 00:02:09]} 29.
Nd5 {[%clk 00:19:13]} {[%emt 00:01:12]} Kh8 {[%clk 00:02:29]} {[%emt 00:00:06]}
30. Qh4 {[%clk 00:10:09]} {[%emt 00:09:34]} Bxd5 {[%clk 00:02:40]} {[%emt
00:00:19]} 31. exd5 {[%clk 00:08:23]} {[%emt 00:02:16]} b4 {[%clk 00:01:58]}
{[%emt 00:01:12]} 32. d6 {[%clk 00:08:53]} Nc5 {[%clk 00:01:12]} {[%emt
00:01:17]} 33. Qxc4 {[%clk 00:05:02]} {[%emt 00:04:21]} bxa3 {[%clk 00:01:39]}
{[%emt 00:00:02]} 34. Qxc5 {[%clk 00:04:02]} {[%emt 00:01:29]} axb2 {[%clk
00:01:53]} {[%emt 00:00:16]} 35. Qb5 {[%clk 00:03:08]} {[%emt 00:01:24]} Rb8
{[%clk 00:01:26]} {[%emt 00:00:56]} 36. d7 {[%clk 00:02:45]} {[%emt 00:00:53]}
Qxb5 {[%clk 00:01:41]} {[%emt 00:00:16]} 37. Bxb5 {[%clk 00:03:09]} {[%emt
00:00:06]} Bf6 {[%clk 00:01:48]} {[%emt 00:00:23]} 38. c4 {[%clk 00:03:19]}
{[%emt 00:00:20]} Ra8 {[%clk 00:02:08]} {[%emt 00:00:10]} 39. d8=Q+ {[%clk
00:01:28]} {[%emt 00:02:21]} Bxd8 {[%clk 00:02:36]} {[%emt 00:00:02]} 0-1

[Event "55th Ilmar raud Memorial"]
[Site "Viljandi, Estonia"]
[Date "2021.07.07"]
[Round "5.3"]
[White "Kanep, Meelis"]
[Black "Timoshin, Andrei"]
[Result "1-0"]
[WhiteElo "2432"]
[BlackElo "2118"]

1. d4 {[%clk 01:27:09]} {[%emt 00:03:49]} Nf6 {[%clk 01:30:46]} {[%emt
00:00:14]} 2. Bg5 {[%clk 01:26:49]} {[%emt 00:00:50]} e6 {[%clk 01:30:16]}
{[%emt 00:01:01]} 3. e4 {[%clk 01:26:57]} {[%emt 00:00:21]} h6 {[%clk
01:29:28]} {[%emt 00:01:18]} 4. Bxf6 {[%clk 01:20:16]} {[%emt 00:07:11]} Qxf6
{[%clk 01:29:48]} {[%emt 00:00:10]} 5. c3 {[%clk 01:20:33]} {[%emt 00:00:14]}
d5 {[%clk 01:28:05]} {[%emt 00:02:12]} 6. Nd2 {[%clk 01:20:13]} {[%emt
00:00:50]} c5 {[%clk 01:27:04]} {[%emt 00:01:31]} 7. Ngf3 {[%clk 01:20:22]}
{[%emt 00:00:20]} Nc6 {[%clk 01:18:52]} {[%emt 00:08:43]} 8. Bb5 {[%clk
01:18:26]} {[%emt 00:02:26]} Qd8 {[%clk 01:13:36]} {[%emt 00:05:46]} 9. Ne5
{[%clk 01:00:29]} {[%emt 00:18:27]} Bd7 {[%clk 01:13:35]} {[%emt 00:00:31]} 10.
Bxc6 {[%clk 01:00:16]} {[%emt 00:00:43]} Bxc6 {[%clk 01:12:24]} {[%emt
00:01:41]} 11. Nxc6 {[%clk 01:00:16]} {[%emt 00:00:30]} bxc6 {[%clk 01:12:51]}
{[%emt 00:00:03]} 12. Qa4 {[%clk 00:58:38]} {[%emt 00:02:08]} Qc7 {[%clk
00:37:42]} {[%emt 00:35:38]} 13. exd5 {[%clk 00:54:46]} {[%emt 00:04:23]} exd5
{[%clk 00:38:09]} {[%emt 00:00:03]} 14. O-O {[%clk 00:54:48]} {[%emt 00:00:27]}
Bd6 {[%clk 00:37:35]} {[%emt 00:01:03]} 15. Rae1+ {[%clk 00:52:17]} {[%emt
00:03:02]} Kf8 {[%clk 00:37:51]} {[%emt 00:00:15]} 16. dxc5 {[%clk 00:50:14]}
{[%emt 00:02:33]} Bxc5 {[%clk 00:36:03]} {[%emt 00:02:17]} 17. c4 {[%clk
00:41:47]} {[%emt 00:08:56]} Be7 {[%clk 00:25:24]} {[%emt 00:11:09]} 18. cxd5
{[%clk 00:29:50]} {[%emt 00:12:28]} cxd5 {[%clk 00:25:11]} {[%emt 00:00:43]} 19.
Rc1 {[%clk 00:30:10]} {[%emt 00:00:09]} Qb7 {[%clk 00:25:05]} {[%emt 00:00:35]}
20. Rc2 {[%clk 00:30:09]} {[%emt 00:00:31]} h5 {[%clk 00:09:41]} {[%emt
00:15:54]} 21. Rfc1 {[%clk 00:26:25]} {[%emt 00:04:14]} Bd6 {[%clk 00:10:07]}
{[%emt 00:00:04]} 22. Nb3 {[%clk 00:16:07]} {[%emt 00:10:48]} Kg8 {[%clk
00:06:23]} {[%emt 00:04:14]} 23. Nd4 {[%clk 00:12:42]} {[%emt 00:03:55]} Kh7
{[%clk 00:06:16]} {[%emt 00:00:36]} 24. Nf5 {[%clk 00:11:33]} {[%emt 00:01:40]}
Be5 {[%clk 00:02:06]} {[%emt 00:04:40]} 25. Re1 {[%clk 00:07:00]} {[%emt
00:05:03]} Bf6 {[%clk 00:00:51]} {[%emt 00:01:45]} 26. Nd6 {[%clk 00:06:50]}
{[%emt 00:00:40]} Qb8 {[%clk 00:00:38]} {[%emt 00:00:44]} 27. Nxf7 {[%clk
00:05:01]} {[%emt 00:02:18]} Rf8 {[%clk 00:00:49]} {[%emt 00:00:19]} 28. Qd7
{[%clk 00:04:51]} {[%emt 00:00:41]} d4 {[%clk 00:00:52]} {[%emt 00:00:27]} 29.
Rc7 {[%clk 00:02:16]} {[%emt 00:03:05]} Qxb2 {[%clk 00:00:34]} {[%emt
00:00:48]} 30. Qf5+ {[%clk 00:02:20]} {[%emt 00:00:26]} Kg8 {[%clk 00:00:59]}
{[%emt 00:00:05]} 31. Qxh5 {[%clk 00:01:04]} {[%emt 00:01:46]} Rxf7 {[%clk
00:00:34]} {[%emt 00:00:55]} 32. Qxf7+ {[%clk 00:01:29]} {[%emt 00:00:05]} 1-0

[Event "55th Ilmar raud Memorial"]
[Site "Viljandi, Estonia"]
[Date "2021.07.07"]
[Round "5.4"]
[White "Haitin, Ilja"]
[Black "Seeman, Tarvo"]
[Result "1/2-1/2"]
[WhiteElo "2348"]
[BlackElo "2411"]

1. e4 {[%clk 01:30:58]} c5 {[%clk 01:26:05]} {[%emt 00:04:55]} 2. d3 {[%clk
01:31:24]} {[%emt 00:00:05]} g6 {[%clk 01:25:22]} {[%emt 00:01:13]} 3. g3
{[%clk 01:31:24]} {[%emt 00:00:30]} Bg7 {[%clk 01:24:40]} {[%emt 00:01:12]} 4.
Bg2 {[%clk 01:31:46]} {[%emt 00:00:08]} Nc6 {[%clk 01:23:21]} {[%emt 00:01:49]}
5. f4 {[%clk 01:32:05]} {[%emt 00:00:10]} e5 {[%clk 01:22:11]} {[%emt
00:01:40]} 6. fxe5 {[%clk 01:21:38]} {[%emt 00:10:57]} Nxe5 {[%clk 01:22:13]}
{[%emt 00:00:28]} 7. Nc3 {[%clk 01:20:44]} {[%emt 00:01:24]} Ne7 {[%clk
01:21:42]} {[%emt 00:01:01]} 8. Nge2 {[%clk 01:20:28]} {[%emt 00:00:46]} d6
{[%clk 01:17:47]} {[%emt 00:04:24]} 9. O-O {[%clk 01:20:31]} {[%emt 00:00:28]}
O-O {[%clk 01:17:09]} {[%emt 00:01:09]} 10. Nf4 {[%clk 01:19:50]} {[%emt
00:01:11]} Rb8 {[%clk 01:09:31]} {[%emt 00:08:08]} 11. Nfd5 {[%clk 01:12:42]}
{[%emt 00:07:37]} Nxd5 {[%clk 01:08:19]} {[%emt 00:01:42]} 12. Nxd5 {[%clk
01:12:42]} {[%emt 00:00:31]} Be6 {[%clk 01:02:08]} {[%emt 00:06:41]} 13. Nf4
{[%clk 01:04:19]} {[%emt 00:08:52]} Bg4 {[%clk 01:02:23]} {[%emt 00:00:15]} 14.
Qe1 {[%clk 01:04:32]} {[%emt 00:00:18]} b5 {[%clk 01:02:16]} {[%emt 00:00:37]}
15. Be3 {[%clk 00:53:43]} {[%emt 00:11:19]} b4 {[%clk 01:00:35]} {[%emt
00:02:11]} 16. Qd2 {[%clk 00:44:34]} {[%emt 00:09:39]} a5 {[%clk 00:53:41]}
{[%emt 00:07:24]} 17. Nd5 {[%clk 00:31:30]} {[%emt 00:13:34]} Be6 {[%clk
00:53:24]} {[%emt 00:00:46]} 18. Bg5 {[%clk 00:26:21]} {[%emt 00:05:40]} f6
{[%clk 00:53:29]} {[%emt 00:00:25]} 19. Bf4 {[%clk 00:25:38]} {[%emt 00:01:13]}
Bxd5 {[%clk 00:52:43]} {[%emt 00:01:16]} 20. Bxe5 {[%clk 00:22:40]} {[%emt
00:03:28]} dxe5 {[%clk 00:50:45]} {[%emt 00:02:28]} 21. exd5 {[%clk 00:22:45]}
{[%emt 00:00:23]} h5 {[%clk 00:48:31]} {[%emt 00:02:45]} 22. Qe3 {[%clk
00:13:17]} {[%emt 00:09:58]} Qd6 {[%clk 00:47:47]} {[%emt 00:01:13]} 23. Qe4
{[%clk 00:13:42]} {[%emt 00:00:06]} f5 {[%clk 00:46:47]} {[%emt 00:01:30]} 24.
Qc4 {[%clk 00:14:06]} {[%emt 00:00:06]} Kh8 {[%clk 00:43:30]} {[%emt 00:03:47]}
25. Rae1 {[%clk 00:07:30]} {[%emt 00:07:07]} Qb6 {[%clk 00:37:19]} {[%emt
00:06:40]} 26. Kh1 {[%clk 00:07:17]} {[%emt 00:00:44]} Qb5 {[%clk 00:36:43]}
{[%emt 00:01:06]} 27. b3 {[%clk 00:06:01]} {[%emt 00:01:46]} Qxc4 {[%clk
00:36:43]} {[%emt 00:00:29]} 28. bxc4 {[%clk 00:06:08]} {[%emt 00:00:23]} a4
{[%clk 00:35:41]} {[%emt 00:01:32]} 29. Rb1 {[%clk 00:05:48]} {[%emt 00:00:51]}
Bf6 {[%clk 00:34:55]} {[%emt 00:01:15]} 30. Bf3 {[%clk 00:05:27]} {[%emt
00:00:51]} Kg7 {[%clk 00:34:45]} {[%emt 00:00:40]} 31. Rfe1 {[%clk 00:05:30]}
{[%emt 00:00:27]} Rh8 {[%clk 00:34:20]} {[%emt 00:00:55]} 32. h4 {[%clk
00:04:05]} {[%emt 00:01:56]} Kf7 {[%clk 00:33:14]} {[%emt 00:01:36]} 33. Kg2
{[%clk 00:04:17]} {[%emt 00:00:18]} Ke7 {[%clk 00:33:19]} {[%emt 00:00:24]} 34.
Kh3 {[%clk 00:04:22]} {[%emt 00:00:27]} Kd6 {[%clk 00:33:26]} {[%emt 00:00:23]}
35. Rf1 {[%clk 00:04:32]} {[%emt 00:00:20]} Bd8 {[%clk 00:32:55]} {[%emt
00:01:00]} 36. Bd1 {[%clk 00:03:00]} {[%emt 00:02:02]} Bc7 {[%clk 00:32:54]}
{[%emt 00:00:31]} 37. Be2 {[%clk 00:02:43]} {[%emt 00:00:47]} Ke7 {[%clk
00:31:54]} {[%emt 00:01:30]} 38. Bf3 {[%clk 00:02:54]} {[%emt 00:00:20]} Bd6
{[%clk 00:30:57]} {[%emt 00:01:27]} 39. Rf2 {[%clk 00:03:15]} {[%emt 00:00:10]}
Kd7 {[%clk 00:30:44]} {[%emt 00:00:43]} 40. Rff1 {[%clk 00:18:03]} {[%emt
00:00:42]} Kc7 {[%clk 00:45:50]} {[%emt 00:00:25]} 41. Be2 {[%clk 00:17:32]}
{[%emt 00:01:01]} Rbe8 {[%clk 00:44:27]} {[%emt 00:01:53]} 42. Rbe1 {[%clk
00:16:59]} {[%emt 00:01:03]} Re7 {[%clk 00:39:58]} {[%emt 00:05:00]} 43. Bf3
{[%clk 00:16:23]} {[%emt 00:01:06]} Rb8 {[%clk 00:39:21]} {[%emt 00:01:06]} 44.
Rb1 {[%clk 00:16:29]} {[%emt 00:00:25]} Rf8 {[%clk 00:39:30]} {[%emt 00:00:20]}
45. Rbe1 {[%clk 00:15:23]} {[%emt 00:01:37]} Rg7 {[%clk 00:38:09]} {[%emt
00:01:51]} 46. Rg1 {[%clk 00:08:07]} {[%emt 00:07:46]} g5 {[%clk 00:37:31]}
{[%emt 00:01:07]} 47. hxg5 {[%clk 00:08:30]} {[%emt 00:00:07]} Rxg5 {[%clk
00:37:39]} {[%emt 00:00:22]} 48. Rg2 {[%clk 00:08:42]} {[%emt 00:00:18]} Rfg8
{[%clk 00:36:48]} {[%emt 00:01:21]} 49. Reg1 {[%clk 00:08:11]} {[%emt
00:01:01]} Kd8 {[%clk 00:36:02]} {[%emt 00:01:16]} 50. Bd1 {[%clk 00:05:50]}
{[%emt 00:02:51]} Ke7 {[%clk 00:36:16]} {[%emt 00:00:16]} 51. Be2 {[%clk
00:05:35]} {[%emt 00:00:45]} Kf6 {[%clk 00:36:35]} {[%emt 00:00:11]} 52. Bf3
{[%clk 00:04:18]} {[%emt 00:01:47]} Rb8 {[%clk 00:31:49]} {[%emt 00:05:16]} 53.
Rf1 {[%clk 00:02:36]} {[%emt 00:02:13]} Ke7 {[%clk 00:31:15]} {[%emt 00:01:03]}
54. Bd1 {[%clk 00:02:21]} {[%emt 00:00:45]} Rbg8 {[%clk 00:31:00]} {[%emt
00:00:45]} 55. Rfg1 {[%clk 00:02:03]} {[%emt 00:00:49]} Kf6 {[%clk 00:25:24]}
{[%emt 00:06:06]} 56. Bf3 {[%clk 00:02:30]} {[%emt 00:00:04]} R8g7 {[%clk
00:24:35]} {[%emt 00:01:20]} 57. Rf1 {[%clk 00:01:57]} {[%emt 00:01:02]} Kg6
{[%clk 00:20:52]} {[%emt 00:04:12]} 58. Rfg1 {[%clk 00:01:42]} {[%emt
00:00:46]} Kh6 {[%clk 00:15:23]} {[%emt 00:05:59]} 59. Bd1 {[%clk 00:02:04]}
{[%emt 00:00:08]} Kg6 {[%clk 00:14:27]} {[%emt 00:01:26]} 60. Bf3 {[%clk
00:02:13]} {[%emt 00:00:21]} Rg4 {[%clk 00:14:20]} {[%emt 00:00:36]} 61. Bd1
{[%clk 00:00:57]} {[%emt 00:01:47]} Kf6 {[%clk 00:07:19]} {[%emt 00:07:31]} 62.
Bf3 {[%clk 00:01:03]} {[%emt 00:00:24]} R7g5 {[%clk 00:06:49]} {[%emt
00:00:59]} 63. Rf1 {[%clk 00:01:08]} {[%emt 00:00:25]} Kg6 {[%clk 00:06:52]}
{[%emt 00:00:27]} 64. Rfg1 {[%clk 00:00:49]} {[%emt 00:00:50]} Rd4 {[%clk
00:06:12]} {[%emt 00:01:10]} 65. Be2 {[%clk 00:01:17]} {[%emt 00:00:02]} e4
{[%clk 00:06:13]} {[%emt 00:00:29]} 66. dxe4 {[%clk 00:01:35]} {[%emt
00:00:11]} Rxe4 {[%clk 00:06:35]} {[%emt 00:00:08]} 67. Rf1 {[%clk 00:01:15]}
{[%emt 00:00:50]} Kh6 {[%clk 00:04:26]} {[%emt 00:02:40]} 68. Rf3 {[%clk
00:01:33]} {[%emt 00:00:13]} f4 {[%clk 00:03:51]} {[%emt 00:01:04]} 69. Bd3
{[%clk 00:01:37]} {[%emt 00:00:26]} Re3 {[%clk 00:03:56]} {[%emt 00:00:26]} 70.
Rxe3 {[%clk 00:01:29]} {[%emt 00:00:38]} fxe3 {[%clk 00:04:21]} {[%emt
00:00:05]} 71. g4 {[%clk 00:01:34]} {[%emt 00:00:25]} Re5 {[%clk 00:03:29]}
{[%emt 00:01:21]} 72. gxh5 {[%clk 00:01:44]} {[%emt 00:00:20]} Rxh5+ {[%clk
00:02:06]} {[%emt 00:01:53]} 73. Kg4 {[%clk 00:02:14]} {[%emt 00:00:01]} Rg5+
{[%emt 00:00:55]} 1/2-1/2